|
|
|
|
| LEADER |
00841pam a22002538a 4500 |
| 001 |
00021767 |
| 005 |
20171026081022.0 |
| 008 |
110526s1975 ||||||Viesd |
| 041 |
0 |
# |
|a Vie
|
| 082 |
1 |
4 |
|a 822
|b NG452NH
|
| 100 |
0 |
# |
|a So, Bơcna
|
| 245 |
0 |
0 |
|a Ngôi nhà trái tim tan vỡ, Nữ thánh Jan, Chiếc xe táo
|b Kịch
|c Bơcna So; Bùi Ý, Nguyễn Vĩnh, Nhữ Thành
|
| 260 |
# |
# |
|a H.
|b Văn Học
|c 1975
|
| 300 |
# |
# |
|a 604 tr.
|c 19 cm.
|
| 650 |
# |
4 |
|a Kịch
|
| 650 |
# |
4 |
|a Văn học hiện đại
|
| 653 |
# |
# |
|a Anh
|
| 700 |
0 |
# |
|a Bùi Ý
|e Dịch
|
| 700 |
0 |
# |
|a Nguyễn Vĩnh
|e Dịch
|
| 700 |
0 |
# |
|a Nhữ Thành
|e Dịch
|
| 852 |
# |
# |
|b Kho đọc
|j KD.0006585
|
| 852 |
# |
# |
|j KD.0006585
|
| 910 |
0 |
# |
|a kìm
|d 26/05/2011
|
| 980 |
# |
# |
|a Trung tâm Học liệu Lê Vũ Hùng, Trường Đại học Đồng Tháp
|